| 000 | 01390nam a2200373 i 4500 | ||
|---|---|---|---|
| 001 | 12944 | ||
| 003 | KOSZ 005 | ||
| 005 | 20200630132827.0 | ||
| 008 | 071005s1970 pl a f 001 0 pol | ||
| 015 | _aPB 1970/11364 | ||
| 040 |
_aWA N _cKOSZ 005/HR _dKOSZ 005/HR |
||
| 041 | 1 |
_apol _hrus |
|
| 046 | _k1970 | ||
| 080 | _a517.2/.3 | ||
| 100 | 1 |
_aMatveev, Nikolaj Mihajlovič. _eAutor |
|
| 245 | 1 | 0 |
_aMetody całkowania równań różniczkowych zwyczajnych / _cN. M. Matwiejew ; [tłumaczenie Lech Kubik]. |
| 246 | 1 |
_iTytuł oryginału : _aMetody integrirovaniâ obyknovennyh differencial'nyh uravnenij. |
|
| 260 |
_aWarszawa : _bPaństwowe Wydawnictwo Naukowe, _c1970. |
||
| 300 |
_a511, [1] stron : _bilustracje ; _c25 cm. |
||
| 336 |
_2rdacontent _aTekst _btxt |
||
| 337 |
_2rdamedia _aBez urządzenia pośredniczącego _bn |
||
| 338 |
_2rdacarrier _aWolumin _bnc |
||
| 380 | _aKsiążki. | ||
| 388 | _a1901- | ||
| 504 | _aBibliografia na stronie [504]. Indeks. | ||
| 658 | _aMatematyka | ||
| 650 | 4 | _aRównania różniczkowe | |
| 650 | 4 | _aRachunek całkowy | |
| 650 | 4 | _aRównania całkowe | |
| 700 | 1 |
_aKubik, Lech Tadeusz _d(1930-1997) _eTłumaczenie |
|
| 710 | 2 |
_aPaństwowe Wydawnictwo Naukowe _4pbl. |
|
| 856 |
_uhttp://koha.tu.koszalin.pl/cgi-bin/koha/opac-detail.pl?biblionumber=12944 _yKatalog online BPK |
||
| 942 |
_2UKD _cKS |
||
| 999 |
_c12944 _d12944 |
||